Honeyball & Bowers' Textbook on Employment Law / (Record no. 5340)

MARC details
000 -LEADER
fixed length control field 01845nam a22002777a 4500
008 - FIXED-LENGTH DATA ELEMENTS--GENERAL INFORMATION
fixed length control field 130311t xxu||||| |||| 00| 0 eng d
020 ## - INTERNATIONAL STANDARD BOOK NUMBER
International Standard Book Number 9-7801-9958-2150
082 ## - DEWEY DECIMAL CLASSIFICATION NUMBER
Edition number 22 ed.
Classification number 344.0105
Item number HON
100 ## - MAIN ENTRY--PERSONAL NAME
Personal name Honeyball, Simon
9 (RLIN) 7110
245 ## - TITLE STATEMENT
Title Honeyball & Bowers' Textbook on Employment Law /
Statement of responsibility, etc Simon Honeyball
250 ## - EDITION STATEMENT
Edition statement 11 ed.
260 ## - PUBLICATION, DISTRIBUTION, ETC. (IMPRINT)
Place of publication, distribution, etc USA :
Name of publisher, distributor, etc Oxford University press
Date of publication, distribution, etc 2010
300 ## - PHYSICAL DESCRIPTION
Extent lxiv, 479 P. ;
Dimensions 24 cm.
500 ## - GENERAL NOTE
General note Includes Index
650 ## - SUBJECT ADDED ENTRY--TOPICAL TERM
Topical term or geographic name as entry element Employment law
9 (RLIN) 6909
650 ## - SUBJECT ADDED ENTRY--TOPICAL TERM
Topical term or geographic name as entry element Honeyball & Bowers' Textbook on Employment Law
9 (RLIN) 7111
942 ## - ADDED ENTRY ELEMENTS (KOHA)
Source of classification or shelving scheme Dewey Decimal Classification
Item type Books
Holdings
Withdrawn status Lost status Source of classification or shelving scheme Damaged status Not for loan Home library Current library Shelving location Date acquired Total Checkouts Full call number Barcode Date last seen Copy number Price effective from Koha item type Public note
    Dewey Decimal Classification     Law Development Centre Main Library Law Development Centre Main Library Text Books and Laws 03/11/2013   344.0105 HON 4586/2013 03/11/2013 1 03/11/2013 Books Reserve
    Dewey Decimal Classification     Law Development Centre Main Library Law Development Centre Main Library Text Books and Laws 03/11/2013   344.0105 HON 4587/2013 03/11/2013 2 03/11/2013 Books Reserve
    Dewey Decimal Classification     Law Development Centre Main Library Law Development Centre Main Library Text Books and Laws 03/11/2013   344.0105 HON 4588/2013 03/11/2013 3 03/11/2013 Books Reserve
    Dewey Decimal Classification     Law Development Centre Main Library Law Development Centre Main Library Text Books and Laws 03/11/2013   344.0105 HON 4589/2013 03/11/2013 4 03/11/2013 Books Reserve
    Dewey Decimal Classification     Law Development Centre Main Library Law Development Centre Main Library Text Books and Laws 03/11/2013   344.0105 HON 4590/2013 03/11/2013 5 03/11/2013 Books Reserve
    Dewey Decimal Classification     Law Development Centre Main Library Law Development Centre Main Library Text Books and Laws 03/11/2013   344.0105 HON 4591/2013 03/11/2013 6 03/11/2013 Books Reserve
    Dewey Decimal Classification     Law Development Centre Main Library Law Development Centre Main Library Text Books and Laws 03/11/2013   344.0105 HON 4592/2013 03/11/2013 7 03/11/2013 Books Reserve
    Dewey Decimal Classification     Law Development Centre Main Library Law Development Centre Main Library Text Books and Laws 03/11/2013   344.0105 HON 4593/2013 03/11/2013 8 03/11/2013 Books Reserve